Pokémon Ranger : Nuit sur Almia : Navigateur - Statistiques

Statistiques générales
  • Ce quiz a été pris 31 fois
  • Le résultat moyen est 158 sur 270
Statistiques - réponses
Hint Réponse % Correct
R-139 Dracaufeu
94%
R-002 Pikachu
89%
R-003 Raichu
89%
R-138 Reptincel
89%
R-137 Salamèche
89%
R-012 Carabaffe
83%
R-011 Carapuce
83%
R-254 Cresselia
83%
R-001 Pichu
83%
R-013 Tortank
83%
R-257 Darkrai
78%
R-043 Grolem
78%
R-004 Keunotor
78%
R-026 Pachirisu
78%
R-041 Racaillou
78%
R-053 Boskara
72%
R-005 Castorno
72%
R-085 Charkos
72%
R-019 Ectoplasma
72%
R-025 Étouraptor
72%
R-023 Étourmi
72%
R-024 Étourvol
72%
R-017 Fantominus
72%
R-042 Gravalanch
72%
R-223 Lucario
72%
R-074 Magmar
72%
R-062 Magnéti
72%
R-018 Spectrum
72%
R-054 Torterra
72%
R-052 Tortipouss
72%
R-098 Aquali
67%
R-057 Aspicot
67%
R-036 Bouldeneu
67%
R-058 Dardargnan
67%
SP Dialga
67%
R-070 Élekid
67%
R-071 Élektek
67%
R-097 Évoli
67%
R-159 Gardevoir
67%
R-027 Goinfrex
67%
R-158 Kirlia
67%
R-020 Laporeille
67%
R-075 Maganon
67%
R-073 Magby
67%
R-063 Magnéton
67%
R-064 Magnézone
67%
R-030 Manzaï
67%
R-015 Nosferalto
67%
R-014 Nosferapti
67%
R-168 Ouisticram
67%
SP Palkia
67%
R-267 Regigigas
67%
R-149 Rhinocorne
67%
R-150 Rhinoféros
67%
R-222 Riolu
67%
R-194 Sabelette
67%
R-096 Sharpedo
67%
R-170 Simiabraz
67%
R-031 Simularbre
67%
R-044 Tarinor
67%
R-045 Tarinorme
67%
R-157 Tarsal
67%
R-237 Wailmer
67%
R-238 Wailord
67%
R-183 Abra
61%
R-184 Alakazam
61%
R-060 Apireine
61%
R-059 Apitrini
61%
R-066 Arcanin
61%
R-248 Archéomire
61%
R-182 Bastiodon
61%
R-079 Bekipan
61%
R-212 Blizzaroi
61%
R-211 Blizzi
61%
R-065 Caninos
61%
R-253 Carchacrok
61%
R-169 Chimpenfeu
61%
R-217 Cizayox
61%
R-201 Cochignon
61%
R-245 Dimoret
61%
R-181 Dinoclier
61%
R-135 Dodrio
61%
R-134 Doduo
61%
R-046 Écrémeuh
61%
R-072 Élekable
61%
R-244 Farfuret
61%
R-177 Galopa
61%
R-104 Givrali
61%
R-078 Goélise
61%
R-171 Goupix
61%
R-228 Heatran
61%
R-247 Hippodocus
61%
R-246 Hippopotas
61%
R-216 Insécateur
61%
R-117 Joliflor
61%
R-250 Kaorine
61%
R-205 Korillon
61%
R-084 Kranidos
61%
R-210 Lippoutou
61%
R-021 Lockpin
61%
R-161 Machoc
61%
R-162 Machopeur
61%
R-163 Mackogneur
61%
R-200 Marcacrin
61%
R-083 Mélokrik
61%
R-101 Mentali
61%
R-215 Momartik
61%
R-055 Mustébouée
61%
R-056 Mustéflott
61%
R-114 Mystherbe
61%
R-102 Noctali
61%
R-192 Noctunoir
61%
R-016 Nostenfer
61%
R-115 Ortide
61%
R-032 Parecool
61%
R-103 Phyllali
61%
R-208 Pingoléon
61%
R-176 Ponyta
61%
R-207 Prinplouf
61%
R-258 Ptéra
61%
R-100 Pyroli
61%
R-116 Rafflesia
61%
R-265 Regice
61%
R-264 Regirock
61%
R-266 Registeel
61%
R-151 Rhinastoc
61%
R-009 Rosélia
61%
R-010 Roserade
61%
R-008 Rozbouton
61%
R-195 Sablaireau
61%
R-128 Scorplane
61%
R-129 Scorvol
61%
R-213 Stalgamin
61%
R-094 Stari
61%
R-095 Staross
61%
R-206 Tiplouf
61%
R-099 Voltali
61%
R-256 Absol
56%
R-189 Airmure
56%
R-236 Amonistar
56%
R-235 Amonita
56%
R-249 Archéodong
56%
R-142 Baudrive
56%
R-148 Branette
56%
R-239 Cacnea
56%
R-240 Cacturne
56%
R-108 Capumain
56%
R-252 Carmache
56%
R-047 Ceribou
56%
R-048 Ceriflor
56%
R-040 Chaffreux
56%
R-039 Chaglam
56%
R-185 Cornèbre
56%
R-082 Crikzik
56%
R-061 Debugant
56%
R-091 Démanta
56%
R-154 Démolosse
56%
R-225 Draby
56%
R-174 Drascore
56%
R-086 Écayon
56%
R-077 Électrode
56%
R-220 Feuforêve
56%
R-172 Feunard
56%
R-160 Gallame
56%
R-033 Grainipiot
56%
R-251 Griknot
56%
R-143 Grodrive
56%
R-007 Hélédelle
56%
R-230 Hypocéan
56%
R-231 Hyporoi
56%
R-229 Hypotrempe
56%
R-146 Kangourex
56%
R-089 Lanturn
56%
R-259 Libégon
56%
R-049 Lixy
56%
R-050 Luxio
56%
R-051 Luxray
56%
R-221 Magirêve
56%
R-202 Mammochon
56%
R-164 Mime Jr.
56%
R-006 Nirondelle
56%
R-197 Obalie
56%
R-214 Oniglali
56%
R-112 Piafabec
56%
R-034 Pifeuil
56%
R-069 Pijako
56%
R-147 Polichombr
56%
R-262 Porygon-Z
56%
R-092 Qwilfish
56%
R-113 Rapasdepic
56%
R-173 Rapion
56%
R-067 Rattata
56%
R-203 Rondoudou
56%
R-233 Rosabyss
56%
R-037 Sancoki
56%
R-232 Serpang
56%
SP Shaymin
56%
R-190 Skelénox
56%
R-187 Smogo
56%
R-188 Smogogo
56%
R-196 Spiritomb
56%
R-035 Tengalice
56%
R-191 Téraclope
56%
R-038 Tritosor
56%
R-076 Voltorbe
56%
R-118 Yanma
56%
R-119 Yanmega
56%
R-109 Capidextre
50%
R-127 Colossinge
50%
R-093 Corayon
50%
R-186 Corboss
50%
R-226 Drackhaus
50%
R-219 Draco
50%
R-227 Drattak
50%
R-120 Embrylex
50%
R-126 Férosinge
50%
R-111 Foretress
50%
R-132 Galegon
50%
R-131 Galekid
50%
R-133 Galeking
50%
R-204 Grodoudou
50%
R-167 Hypnomade
50%
R-199 Kaimorse
50%
R-088 Loupio
50%
R-087 Luminéon
50%
R-153 Malosse
50%
R-156 Migalos
50%
R-155 Mimigal
50%
R-218 Minidraco
50%
R-165 M. Mime
50%
R-145 Moufflair
50%
R-144 Moufouette
50%
R-130 Mysdibule
50%
R-198 Phogleur
50%
R-110 Pomdepik
50%
R-022 Ptiravi
50%
R-068 Rattatac
50%
R-123 Scarabrute
50%
R-166 Soporifik
50%
R-179 Tauros
50%
R-122 Tyranocif
50%
R-136 Vortente
50%
R-121 Ymphect
50%
R-090 Babimanta
44%
R-209 Cadoizo
44%
R-263 Celebi
44%
R-224 Chartor
44%
R-081 Coatox
44%
R-080 Cradopaud
44%
R-178 Girafarig
44%
R-140 Limagma
44%
R-241 Papilord
44%
R-193 Ténéfix
44%
R-234 Tentacruel
44%
R-261 Togekiss
44%
R-125 Camérupt
39%
R-124 Chamallot
39%
R-175 Coudlangue
39%
R-029 Hariyama
39%
R-106 Lainergie
39%
R-028 Makuhita
39%
R-180 Ninjask
39%
R-107 Pharamp
39%
R-141 Volcaropod
39%
R-260 Altaria
33%
R-255 Braségali
33%
R-242 Empiflor
33%
R-152 Grotadmorv
33%
R-243 Jungko
33%
R-105 Wattouat
33%
Aucun quiz correspondant
Distribution des résultats
% des personnes avec chaque résultat
Percentile par nombre de réponses
Votre historique - résultats
Vous n’avez pas pris ce quiz